[Event "Bogota Avenida Chile op 6th"]
[Site "Bogota"]
[Date "2025.07.20"]
[Round "7"]
[White "Cifuentes Camacho, Miguel Angel"]
[Black "Mena Cordoba, Yamil Octavio"]
[Result "1-0"]
[WhiteElo "2014"]
[BlackElo "2034"]
[PlyCount "99"]
[EventDate "2025.07.20"]
[EventType "swiss (rapid)"]
[EventRounds "7"]
[EventCountry "COL"]
[SourceTitle "CB30_2025"]
[SourceDate "2025.07.23"]
[SourceVersion "1"]
[SourceVersionDate "2025.07.23"]
[SourceQuality "1"]

1. d4 d5 2. Nf3 a6 3. e3 Nf6 4. Bd3 g6 5. 0-0 Bg7 6. b3 0-0 7. Bb2 b6 8. c4 e6 9. Nc3 Bb7 10. Qe2 Ne4 11. Rac1 Nd7 12. h4 Ndf6 13. Rfd1 Nxc3 14. Bxc3 Ne4 15. Bb2 a5 16. cxd5 exd5 17. Bb5 Qd6 18. Ne5 f6 19. Nf3 c6 20. Bd3 Rfe8 21. Nd2 f5 22. Nf3 Bf6 23. h5 g5 24. Ne5 g4 25. Bxe4 dxe4 26. Qc4+ Re6 27. Ba3 Qd5 28. Qxd5 cxd5 29. Rc7 Rb8 30. Rdc1 Bd8 31. Rd7 b5 32. Bd6 Ra8 33. Rxb7 Rxd6 34. Nf7 Rf6 35. Nxd8 Rxd8 36. Rcc7 Rh6 37. Rxb5 Rxh5 38. Rxa5 Rg5 39. b4 h5 40. b5 h4 41. b6 Rg7 42. Rxg7+ Kxg7 43. b7 Rb8 44. Rb5 Kf6 45. a4 Ke6 46. a5 f4 47. a6 fxe3 48. fxe3 h3 49. a7 Rf8 50. b8Q 1-0

[Event "Bogota Avenida Chile op 6th"]
[Site "Bogota"]
[Date "2025.07.20"]
[Round "3"]
[White "Fiquitiva Gutierrez, Brian Alex"]
[Black "Mena Cordoba, Yamil Octavio"]
[Result "0-1"]
[WhiteElo "1662"]
[BlackElo "2034"]
[PlyCount "50"]
[EventDate "2025.07.20"]
[EventType "swiss (rapid)"]
[EventRounds "7"]
[EventCountry "COL"]
[SourceTitle "CB30_2025"]
[SourceDate "2025.07.23"]
[SourceVersion "1"]
[SourceVersionDate "2025.07.23"]
[SourceQuality "1"]

1. d4 Nf6 2. Bf4 d6 3. e3 c5 4. c3 cxd4 5. cxd4 a6 6. Nf3 Nbd7 7. Nbd2 g6 8. Be2 Bg7 9. 0-0 0-0 10. Rc1 b5 11. b4 Bb7 12. a4 Nd5 13. axb5 axb5 14. Bxb5 Nxf4 15. exf4 Nf6 16. Bc4 Nh5 17. Qb3 Nxf4 18. Bxf7+ Rxf7 19. Ng5 Bd5 20. Qe3 Rf5 21. Ndf3 h6 22. Ne4 Qf8 23. b5 Qf7 24. Ng3 Nh3+ 25. Kh1 Rxf3 0-1

[Event "Bogota Avenida Chile op 6th"]
[Site "Bogota"]
[Date "2025.07.20"]
[Round "1"]
[White "Serrano Arrieta, Cristian"]
[Black "Mena Cordoba, Yamil Octavio"]
[Result "1/2-1/2"]
[WhiteElo "1601"]
[BlackElo "2034"]
[PlyCount "202"]
[EventDate "2025.07.20"]
[EventType "swiss (rapid)"]
[EventRounds "7"]
[EventCountry "COL"]
[SourceTitle "CB30_2025"]
[SourceDate "2025.07.23"]
[SourceVersion "1"]
[SourceVersionDate "2025.07.23"]
[SourceQuality "1"]

1. e4 Nc6 2. Nf3 e5 3. d4 exd4 4. Nxd4 Bc5 5. Nb3 Bb6 6. Nc3 d6 7. Qe2 h6 8. Be3 Nf6 9. 0-0-0 Be6 10. Kb1 0-0 11. f3 Re8 12. Bxb6 axb6 13. Qf2 Nb4 14. a3 Nc6 15. g4 Nd7 16. h4 Nc5 17. Nd5 Nxb3 18. cxb3 Ne7 19. Qc2 Bxd5 20. exd5 Ra5 21. Qc4 Qd7 22. b4 b5 23. Qd4 Ra4 24. Bd3 c5 25. dxc6 bxc6 26. Bc2 d5 27. Bxa4 bxa4 28. Rhe1 Rf8 29. h5 Nc8 30. b5 Rd8 31. bxc6 Qxc6 32. Rc1 Qa8 33. Rc7 Qa5 34. Qc3 Qa6 35. Qd4 Qd6 36. Qe5 Qa6 37. Rd1 Nb6 38. Qe7 Rf8 39. Rc6 Qb5 40. Qc5 Qe2 41. Rc1 Nc4 42. Rxc4 dxc4 43. Qxc4 Qxf3 44. Qxa4 Re8 45. Qc4 Re4 46. Rc8+ Kh7 47. Qc2 Qxg4 48. a4 f5 49. Qb3 Qxh5 50. Qg8+ Kg6 51. Rc6+ Kg5 52. Qxg7+ Kf4 53. Qxh6+ Qxh6 54. Rxh6 Ke3 55. b3 f4 56. Rh1 f3 57. Ka2 f2 58. Ka3 Kd3 59. Rf1 Ke2 60. Rxf2+ Kxf2 61. a5 Ke3 62. b4 Kd4 63. Ka4 Kc4 64. a6 Re1 65. Ka5 Re5+ 66. Ka4 Rd5 67. a7 Rd1 68. Ka5 Rh1 69. Kb6 Rh6+ 70. Ka5 Rh1 71. Kb6 Rh6+ 72. Ka5 Rh8 73. b5 Kc5 74. Ka6 Rh6+ 75. Kb7 Kxb5 76. a8Q Rh7+ 77. Kb8 Kb6 78. Qa1 Rb7+ 79. Kc8 Rc7+ 80. Kd8 Rc5 81. Qb2+ Kc6 82. Qf6+ Kb5 83. Kd7 Kc4 84. Qf4+ Kb5 85. Qd4 Rc4 86. Qd3 Kc5 87. Qd6+ Kb5 88. Qd3 Kc5 89. Ke6 Rd4 90. Qa3+ Rb4 91. Ke5 Kc4 92. Qc1+ Kb5 93. Kd5 Ka4 94. Kc5 Rb5+ 95. Kc4 Rb4+ 96. Kc3 Rb3+ 97. Kc2 Rb4 98. Qg5 Rc4+ 99. Kb2 Rb4+ 100. Ka2 Rb5 101. Qd8 Kb4 1/2-1/2

[Event "Bogota Avenida Chile op 5th"]
[Site "Bogota"]
[Date "2025.06.15"]
[Round "1"]
[White "Mena Cordoba, Yamil Octavio"]
[Black "Bernal Angarita, Nicolas"]
[Result "1-0"]
[WhiteElo "1989"]
[BlackElo "1635"]
[PlyCount "76"]
[EventDate "2025.06.15"]
[EventType "swiss (rapid)"]
[EventRounds "7"]
[EventCountry "COL"]
[SourceTitle "CB25_2025"]
[SourceDate "2025.06.18"]
[SourceVersion "1"]
[SourceVersionDate "2025.06.18"]
[SourceQuality "1"]

1. e4 e5 2. Nf3 Nf6 3. Nc3 Bb4 4. Bc4 Nc6 5. 0-0 0-0 6. d3 h6 7. a3 Be7 8. h3 a6 9. Be3 d6 10. Ba2 Be6 11. Nd5 Qd7 12. Kh2 Ne8 13. g4 Nd4 14. Nxd4 exd4 15. Bxd4 Rb8 16. f4 c6 17. Nxe7+ Qxe7 18. c4 c5 19. Bc3 Bd7 20. e5 Bc6 21. d4 dxe5 22. d5 Bd7 23. fxe5 Rd8 24. Qd3 Qg5 25. Rae1 Bc8 26. Bb1 g6 27. Qg3 Ng7 28. Re2 h5 29. Rf6 hxg4 30. Bd2 Qh5 31. h4 Nf5 32. Bxf5 Bxf5 33. Bg5 b5 34. b3 bxc4 35. bxc4 a5 36. Rf2 a4 37. R2xf5 gxf5 38. Rh6 Qg6 1-0

[Event "Medellin Sub zt 2.3.2"]
[Site "Medellin"]
[Date "2025.04.18"]
[Round "7"]
[White "Mena Cordoba, Yamil Octavio"]
[Black "Osorio Ruiz, Juan Carlos"]
[Result "1/2-1/2"]
[WhiteElo "1887"]
[BlackElo "1785"]
[PlyCount "42"]
[EventDate "2025.04.14"]
[EventType "swiss"]
[EventRounds "9"]
[EventCountry "COL"]
[SourceTitle "CB18_2025"]
[SourceDate "2025.04.30"]
[SourceVersion "1"]
[SourceVersionDate "2025.04.30"]
[SourceQuality "1"]

1. e4 e6 2. b3 d5 3. Bb2 dxe4 4. Nc3 Nf6 5. Qe2 Be7 6. 0-0-0 Bd7 7. g4 h6 8. Bg2 Bc6 9. Nh3 a5 10. a4 Na6 11. Nxe4 Qd7 12. f4 0-0-0 13. g5 hxg5 14. Nhxg5 Rdf8 15. Nxf6 Bxf6 16. d4 Bxg2 17. Qxg2 Nb4 18. Ne4 Qc6 19. Rhg1 Rh4 20. Nxf6 Qxg2 21. Rxg2 gxf6 1/2-1/2

[Event "Medellin Sub zt 2.3.2"]
[Site "Medellin"]
[Date "2025.04.15"]
[Round "3"]
[White "Mena Cordoba, Yamil Octavio"]
[Black "Paniagua, Fabio de Jesus"]
[Result "1-0"]
[WhiteElo "1887"]
[BlackElo "1692"]
[PlyCount "97"]
[EventDate "2025.04.14"]
[EventType "swiss"]
[EventRounds "9"]
[EventCountry "COL"]
[SourceTitle "CB18_2025"]
[SourceDate "2025.04.30"]
[SourceVersion "1"]
[SourceVersionDate "2025.04.30"]
[SourceQuality "1"]

1. e4 c6 2. d4 d5 3. Nc3 dxe4 4. Nxe4 Nf6 5. Ng5 h6 6. N5f3 Bf5 7. Bc4 e6 8. Ne2 Be7 9. Ng3 Bh7 10. 0-0 0-0 11. Re1 Nbd7 12. c3 Re8 13. a4 Qc7 14. a5 a6 15. b4 Nd5 16. Bd2 Rad8 17. Qb3 Bf8 18. Bf1 e5 19. c4 N5f6 20. c5 exd4 21. Rxe8 Nxe8 22. Bc4 Ndf6 23. Re1 Bg6 24. Ne5 Nd5 25. Nxg6 fxg6 26. Bd3 g5 27. Bg6 Nef6 28. Nf5 Kh8 29. Nxd4 Nf4 30. Bxf4 Qxf4 31. Ne6 Qd2 32. Qb1 Rb8 33. h3 Nd5 34. Re4 Nc3 35. Qe1 Nxe4 36. Qxe4 Qd5 37. Qg4 Qe5 38. g3 Be7 39. h4 gxh4 40. Bd3 Qf6 41. Nf4 g5 42. Ng6+ Kg7 43. Qe4 Re8 44. Ne5 Rh8 45. Nd7 Qf7 46. Bc4 Qe8 47. Qe5+ Kh7 48. Bd3+ Kg8 49. Nf6+ 1-0

[Event "Manizales op 30th"]
[Site "Manizales"]
[Date "2025.01.11"]
[Round "6"]
[White "Cadavid, Hugo"]
[Black "Mena Cordoba, Yamil Octavio"]
[Result "1/2-1/2"]
[WhiteElo "1753"]
[BlackElo "1892"]
[PlyCount "168"]
[EventDate "2025.01.08"]
[EventType "tourn"]
[EventRounds "7"]
[EventCountry "COL"]
[SourceTitle "CB03_2025"]
[SourceDate "2025.01.15"]
[SourceVersion "1"]
[SourceVersionDate "2025.01.15"]
[SourceQuality "1"]

1. e4 Nc6 2. Nf3 e6 3. d4 d5 4. e5 a6 5. c3 Nge7 6. Bd3 b6 7. Ng5 g6 8. Qf3 Nf5 9. g4 Be7 10. Nh3 Nh4 11. Qg3 g5 12. f4 gxf4 13. Bxf4 Ng6 14. Qf3 Nxf4 15. Nxf4 Bh4+ 16. Ke2 Bb7 17. Nh5 Qe7 18. Rf1 Nd8 19. Nd2 Kd7 20. Qh3 Kc8 21. Nf3 Bg5 22. Qg3 c5 23. h4 Bh6 24. g5 Bf8 25. Nf6 h6 26. Rh1 a5 27. a3 Ba6 28. Bxa6+ Rxa6 29. Rhc1 Qb7 30. Qg4 hxg5 31. hxg5 Qc6 32. Rab1 Qb5+ 33. Ke3 Ra7 34. Nxd5 Kb8 35. Nf6 Rc7 36. Qg2 cxd4+ 37. cxd4 Qb3+ 38. Ke4 Nc6 39. Rc3 Qa4 40. Rbc1 Rh4+ 41. Ng4 Rxg4+ 42. Qxg4 Qb5 43. Qg2 Qd5+ 44. Ke3 Be7 45. Qd2 Bd8 46. Qd3 Kb7 47. Qe4 Qb5 48. Rxc6 Rxc6 49. Qxc6+ Qxc6 50. Rxc6 Kxc6 51. Ke4 Be7 52. a4 Bd8 53. b3 Be7 54. Kd3 Kd5 55. Ke3 Kc6 56. Ke4 b5 57. Ng1 Bxg5 58. Ne2 bxa4 59. bxa4 f5+ 60. exf6 Bxf6 61. Nf4 Kd6 62. Nd3 Bd8 63. Nc5 Bb6 64. Nb3 Bd8 65. Nd2 Bc7 66. Nc4+ Ke7 67. Ne3 Kd7 68. Ng4 Kd6 69. Nh2 Kc6 70. Nf3 Kd6 71. Ne5 Ke7 72. Kd3 Kf6 73. Nc6 Kf5 74. Ke3 e5 75. dxe5 Bxe5 76. Nxa5 Ke6 77. Ke4 Bc3 78. Nc4 Kd7 79. Kd5 Kc7 80. Kc5 Kb7 81. Kb5 Ka7 82. Nd6 Be1 83. Nf5 Bd2 84. Ne7 Be1 1/2-1/2

[Event "Manizales op 30th"]
[Site "Manizales"]
[Date "2025.01.10"]
[Round "5"]
[White "Mena Cordoba, Yamil Octavio"]
[Black "Lopez Londono, Alejandro"]
[Result "1-0"]
[WhiteElo "1892"]
[BlackElo "1692"]
[PlyCount "97"]
[EventDate "2025.01.08"]
[EventType "tourn"]
[EventRounds "7"]
[EventCountry "COL"]
[SourceTitle "CB03_2025"]
[SourceDate "2025.01.15"]
[SourceVersion "1"]
[SourceVersionDate "2025.01.15"]
[SourceQuality "1"]

1. e4 c5 2. Nf3 a6 3. c3 d5 4. e5 Nc6 5. d4 Bf5 6. Bd3 Bxd3 7. Qxd3 e6 8. 0-0 Qb6 9. a3 c4 10. Qe2 Na5 11. Nbd2 Rc8 12. h4 h6 13. g3 Ne7 14. Kg2 Nb3 15. Nxb3 Qxb3 16. h5 Nc6 17. Ng1 Na5 18. f4 g6 19. hxg6 fxg6 20. Be3 Qb6 21. Rae1 h5 22. Rf2 Nc6 23. Nf3 Ne7 24. Rh1 Bg7 25. Nh4 Kf7 26. Bc1 Rcg8 27. Kf1 Rh7 28. f5 exf5 29. Nf3 Bh6 30. Bxh6 Rxh6 31. e6+ Ke8 32. Qe5 Qd8 33. Qf6 Rf8 34. Qg7 Rhh8 35. Ne5 Rhg8 36. Qf7+ Rxf7 37. exf7+ Kf8 38. fxg8Q+ Kxg8 39. g4 fxg4 40. Rf6 Kg7 41. Rf7+ Kh6 42. Nxg4+ Kg5 43. Ne5 Nc6 44. Rg1+ Kh4 45. Nxg6+ Kh3 46. Rf3+ Kh2 47. Rf2+ Kh3 48. Nf4+ Kh4 49. Rh2# 1-0

[Event "Manizales op 30th"]
[Site "Manizales"]
[Date "2025.01.09"]
[Round "3"]
[White "Mena Cordoba, Yamil Octavio"]
[Black "Restrepo, Hugo"]
[Result "1-0"]
[WhiteElo "1892"]
[BlackElo "1655"]
[PlyCount "107"]
[EventDate "2025.01.08"]
[EventType "tourn"]
[EventRounds "7"]
[EventCountry "COL"]
[SourceTitle "CB03_2025"]
[SourceDate "2025.01.15"]
[SourceVersion "1"]
[SourceVersionDate "2025.01.15"]
[SourceQuality "1"]

1. e4 c5 2. Nf3 Nc6 3. b4 cxb4 4. d4 d5 5. exd5 Qxd5 6. c4 bxc3 7. Nxc3 Qa5 8. Rb1 Qxc3+ 9. Bd2 Qa3 10. d5 Bf5 11. dxc6 bxc6 12. Rb3 Qd6 13. Ba6 Rd8 14. 0-0 Be4 15. Qc1 Nf6 16. Bf4 Qd5 17. Bc7 e6 18. Bxd8 Qxd8 19. Rd1 Bd6 20. Bb7 0-0 21. Bxc6 Bxc6 22. Qxc6 Bxh2+ 23. Nxh2 Qxd1+ 24. Nf1 Rd8 25. Rb7 Qd5 26. Qc7 Qd7 27. Qxd7 Nxd7 28. Rxa7 Ne5 29. a4 g5 30. a5 h6 31. a6 Kg7 32. Ne3 Kf6 33. Rc7 Rd6 34. a7 Ra6 35. f3 h5 36. Kf2 h4 37. Ke2 Ra2+ 38. Nc2 Ng6 39. Kf1 Nf4 40. Nb4 Nd5 41. Rxf7+ Kxf7 42. Nxa2 Nb6 43. Nc3 Kf6 44. Nb5 Na8 45. Kf2 Ke5 46. Ke3 Kd5 47. Nc3+ Ke5 48. Ne4 Kf5 49. Kd4 g4 50. fxg4+ Kxg4 51. Ke5 h3 52. gxh3+ Kxh3 53. Kxe6 Kg4 54. Kd6 1-0

[Event "Santiago de Cali op"]
[Site "Cali"]
[Date "2024.12.27"]
[Round "3"]
[White "Garcia Alarcon, Alvaro"]
[Black "Mena Cordoba, Yamil Octavio"]
[Result "1-0"]
[WhiteElo "2052"]
[BlackElo "1884"]
[PlyCount "113"]
[EventDate "2024.12.26"]
[EventType "swiss"]
[EventRounds "8"]
[EventCountry "COL"]
[SourceTitle "CB01_2025"]
[SourceDate "2025.01.01"]
[SourceVersion "1"]
[SourceVersionDate "2025.01.01"]
[SourceQuality "1"]

1. d4 Nf6 2. c4 e6 3. Nf3 b6 4. g3 Bb7 5. Bg2 Be7 6. 0-0 0-0 7. Nc3 d6 8. Re1 Nbd7 9. e4 e5 10. Nh4 Re8 11. Nf5 Bf8 12. d5 h6 13. g4 Kh7 14. Be3 Ng8 15. Qd2 g6 16. Ng3 Qh4 17. f3 Qe7 18. Nb5 Rec8 19. b4 a6 20. Nc3 Bg7 21. Rac1 a5 22. a3 axb4 23. axb4 Bf6 24. Ra1 Bg5 25. Nb5 Bxe3+ 26. Qxe3 c6 27. Na7 Rc7 28. dxc6 Rxc6 29. Nxc6 Bxc6 30. Rxa8 Bxa8 31. Qa3 Qd8 32. Qa7 Qc8 33. Rd1 Bb7 34. Rxd6 Qc7 35. Rd1 Ngf6 36. Bf1 Kg7 37. c5 Qc8 38. Rc1 bxc5 39. bxc5 Bc6 40. Bc4 Qe8 41. Nf1 Nf8 42. Rb1 N8d7 43. Rd1 Nf8 44. Rd6 Bd7 45. Ne3 Be6 46. c6 Bxc4 47. Nxc4 Ne6 48. c7 Nxc7 49. Qxc7 Qa4 50. Rd2 Qa1+ 51. Kg2 Qc3 52. h4 g5 53. hxg5 hxg5 54. Qxe5 Qxc4 55. Qxg5+ Kh7 56. Qxf6 Qb3 57. Rd8 1-0

[Event "Bogota Rapid op"]
[Site "Bogota"]
[Date "2024.12.21"]
[Round "1"]
[White "Cortes Roman, Santiago"]
[Black "Mena Cordoba, Yamil Octavio"]
[Result "0-1"]
[WhiteElo "1553"]
[BlackElo "2001"]
[PlyCount "138"]
[EventDate "2024.12.21"]
[EventType "swiss (rapid)"]
[EventRounds "9"]
[EventCountry "COL"]
[SourceTitle "CB52_2024"]
[SourceDate "2024.12.25"]
[SourceVersion "1"]
[SourceVersionDate "2024.12.25"]
[SourceQuality "1"]

1. e4 Nc6 2. d4 e5 3. Nf3 exd4 4. Nxd4 Bc5 5. Nxc6 Qf6 6. Be3 Bxe3 7. fxe3 Qxc6 8. Bd3 Nf6 9. 0-0 d6 10. Nc3 0-0 11. Nd5 Nxd5 12. exd5 Qb6 13. Qf3 Bd7 14. Rae1 Rae8 15. Kh1 Re5 16. c4 Qxb2 17. Bb1 Qc3 18. Qf4 Rh5 19. Rc1 Qe5 20. Qxe5 Rxe5 21. c5 Rxd5 22. Be4 Rxc5 23. Rxc5 dxc5 24. Bxb7 Be6 25. a3 Rb8 26. Ba6 Rb3 27. h3 Rxa3 28. Bb7 Rxe3 29. Rc1 c4 30. Ba6 c3 31. Bb7 g6 32. Kg1 Bb3 33. Kf2 Rd3 34. Ke2 Rg3 35. h4 f5 36. Bf3 c2 37. Kd3 h6 38. Kc3 Ba4 39. Kb4 Be8 40. Rxc2 g5 41. hxg5 hxg5 42. Rxc7 g4 43. Bd5+ Kf8 44. Rxa7 Rd3 45. Ba8 Bf7 46. Rc7 f4 47. Kc5 f3 48. gxf3 gxf3 49. Rc8+ Ke7 50. Rc7+ Kf6 51. Be4 Rc3+ 52. Kb6 f2 53. Bg2 Rb3+ 54. Ka5 Bd5 55. Rc2 Bxg2 56. Rxf2+ Bf3 57. Ka4 Re3 58. Kb4 Ke5 59. Kc4 Bd5+ 60. Kb5 Kd6 61. Rf6+ Be6 62. Rf1 Rb3+ 63. Ka5 Kc5 64. Rc1+ Bc4 65. Ka4 Rb6 66. Ka3 Rb3+ 67. Ka4 Rb2 68. Ra1 Rb3 69. Ka5 Rb6 0-1

[Event "Bogota Navidad op"]
[Site "Bogota"]
[Date "2024.12.06"]
[Round "5"]
[White "Mena Cordoba, Yamil Octavio"]
[Black "Araque, Rafael"]
[Result "0-1"]
[WhiteElo "1884"]
[BlackElo "2131"]
[PlyCount "135"]
[EventDate "2024.12.04"]
[EventType "swiss"]
[EventRounds "9"]
[EventCountry "COL"]
[SourceTitle "CB50_2024"]
[SourceDate "2024.11.01"]
[SourceVersion "1"]
[SourceVersionDate "2024.11.01"]
[SourceQuality "2"]

1. e4 g6 2. d4 Bg7 3. Nf3 d6 4. Bc4 Nf6 5. e5 dxe5 6. Nxe5 0-0 7. Be3 c5 8. Nc3 cxd4 9. Bxd4 Ng4 10. Nf3 Nc6 11. Bxg7 Kxg7 12. Qxd8 Rxd8 13. 0-0 Bf5 14. Rac1 Nge5 15. Nxe5 Nxe5 16. Bb3 Nc6 17. Rfe1 e6 18. f3 h5 19. Ne4 Bxe4 20. Rxe4 Rd2 21. Kf1 Nd4 22. Ree1 Rd8 23. Re3 Rc8 24. Rce1 Nxc2 25. R3e2 Rxe2 26. Rxe2 Nd4 27. Rd2 e5 28. Bd1 Rd8 29. Kf2 f5 30. h4 Kf6 31. g3 f4 32. gxf4 exf4 33. Bc2 Rd6 34. Be4 b6 35. Ke1 Nf5 36. Rh2 Ne3 37. b3 Rd1+ 38. Ke2 g5 39. hxg5+ Kxg5 40. b4 Rd4 41. a3 Rd1 42. b5 Ra1 43. Kd3 Rxa3+ 44. Kd4 Ra4+ 45. Ke5 Ra5 46. Bc6 a6 47. Rh1 Nf5 48. Bd7 Ng3 49. Rb1 axb5 50. Rb4 Ra4 51. Rb3 h4 52. Kd5 Rc4 53. Bh3 Rc5+ 54. Ke6 Nf5 55. Rb1 Nd4+ 56. Kd6 Nxf3 57. Rb2 Ne5 58. Rg2+ Kf6 59. Rg8 f3 60. Rf8+ Nf7+ 61. Kd7 Rd5+ 62. Kc6 Rd8 63. Rxd8 Nxd8+ 64. Kxb5 Kg5 65. Kxb6 Kf4 66. Kc5 Kg3 67. Bd7 h3 68. Kd5 0-1

[Event "Bogota Navidad op"]
[Site "Bogota"]
[Date "2024.12.06"]
[Round "4"]
[White "Mena Cordoba, Yamil Octavio"]
[Black "Rojas Barrero, Andres Humberto"]
[Result "0-1"]
[WhiteElo "1884"]
[BlackElo "2092"]
[PlyCount "42"]
[EventDate "2024.12.04"]
[EventType "swiss"]
[EventRounds "9"]
[EventCountry "COL"]
[SourceTitle "CB50_2024"]
[SourceDate "2024.11.01"]
[SourceVersion "1"]
[SourceVersionDate "2024.11.01"]
[SourceQuality "2"]

1. e4 e5 2. Nf3 Nc6 3. Bc4 Bc5 4. d4 exd4 5. Ng5 Nh6 6. Qh5 Qe7 7. Nxf7 Nxf7 8. Bxf7+ Qxf7 9. Qxc5 d6 10. Qb5 0-0 11. 0-0 Qg6 12. f3 Ne5 13. Qe2 Be6 14. b3 Rae8 15. Na3 d5 16. Nb5 dxe4 17. Nxd4 exf3 18. Nxf3 Bc4 19. Nxe5 Bxe2 20. Rxf8+ Rxf8 21. Ba3 Qb6+ 0-1

[Event "Bogota Navidad op"]
[Site "Bogota"]
[Date "2024.12.05"]
[Round "2"]
[White "Mena Cordoba, Yamil Octavio"]
[Black "Herrera Idarraga, Karen Alejandra"]
[Result "1-0"]
[WhiteElo "1884"]
[BlackElo "1631"]
[PlyCount "65"]
[EventDate "2024.12.04"]
[EventType "swiss"]
[EventRounds "9"]
[EventCountry "COL"]
[SourceTitle "CB50_2024"]
[SourceDate "2024.11.01"]
[SourceVersion "1"]
[SourceVersionDate "2024.11.01"]
[SourceQuality "2"]

1. d4 d5 2. c4 e6 3. Nf3 a6 4. c5 Nf6 5. Bg5 Be7 6. Bxf6 Bxf6 7. e3 Nd7 8. Nc3 c6 9. Be2 0-0 10. 0-0 e5 11. a3 Re8 12. Rc1 e4 13. Nd2 Nf8 14. b4 Qe7 15. Nb3 Ng6 16. Na4 Bd7 17. Na5 Rab8 18. Nb6 Qe6 19. h3 Bd8 20. Nb3 Bc7 21. Bg4 f5 22. Bh5 Red8 23. a4 Qf6 24. Nxd7 Rxd7 25. Bxg6 Qxg6 26. b5 f4 27. Qg4 Qf7 28. b6 h5 29. bxc7 Rxc7 30. Qxf4 Qe7 31. Rb1 Rf8 32. Qd6 Qf7 33. f3 1-0

[Event "Bogota Distrito Capital op-B"]
[Site "Bogota"]
[Date "2024.09.19"]
[Round "1"]
[White "Pedraza Aldana, Alexandra"]
[Black "Mena Cordoba, Yamil Octavio"]
[Result "1/2-1/2"]
[WhiteElo "1629"]
[BlackElo "1900"]
[PlyCount "151"]
[EventDate "2024.09.19"]
[EventType "swiss"]
[EventRounds "7"]
[EventCountry "COL"]
[SourceTitle "EXT 2025"]
[Source "ChessBase"]
[SourceDate "2024.10.14"]
[SourceVersion "1"]
[SourceVersionDate "2024.10.14"]
[SourceQuality "1"]

1. e4 e5 2. Nf3 d6 3. d4 Nd7 4. Nc3 Be7 5. Bc4 c6 6. a4 h6 7. h3 Ngf6 8. Bb3 0-0 9. g4 Qa5 10. Bd2 exd4 11. Nxd4 Nc5 12. Ba2 Qb6 13. a5 Qc7 14. Qf3 Re8 15. b4 Ncxe4 16. Nxe4 Bf8 17. 0-0 Rxe4 18. Nf5 Bxf5 19. gxf5 d5 20. Qg2 Qe5 21. c4 Kh8 22. cxd5 cxd5 23. Qf3 Ng4 24. hxg4 Bd6 25. Rfe1 Qh2+ 26. Kf1 Rd4 27. Rad1 Qh4 28. Bg5 Qxg4 29. Qxg4 Rxg4 30. Be7 Bh2 31. f3 Rg1+ 32. Kf2 Rxe1 33. Rxe1 Re8 34. Bxd5 Kg8 35. Bxb7 h5 36. Bc6 Rc8 37. b5 a6 38. Rd1 axb5 39. Bxb5 Rc2+ 40. Be2 Ra2 41. a6 Kh7 42. Bd6 Bxd6 43. Rxd6 g5 44. fxg6+ fxg6 45. Ke3 h4 46. Bd3 h3 47. Bxg6+ Kg7 48. Bf5 h2 49. Rd1 Rxa6 50. Rh1 Ra2 51. Kf4 Rg2 52. Bh3 Rb2 53. Kg3 Kf6 54. Rxh2 Rb1 55. Rc2 Ke5 56. f4+ Ke4 57. Bg2+ Kf5 58. Rc5+ Kf6 59. Be4 Rg1+ 60. Kf2 Rg4 61. Kf3 Rg1 62. Rc6+ Ke7 63. f5 Rf1+ 64. Ke3 Kd7 65. Ra6 Ke7 66. Kd4 Rd1+ 67. Ke5 Rc1 68. Ra7+ Kf8 69. Bd5 Rc8 70. Rh7 Rc1 71. Kf6 Ke8 72. Be6 Kd8 73. Rh8+ Kc7 74. Rc8+ Kd6 75. Rc7 Rc2 76. Rxc2 1/2-1/2

[Event "American Continental Rapid 18th"]
[Site "Medellin"]
[Date "2024.06.01"]
[Round "4"]
[White "Mena Cordoba, Yamil Octavio"]
[Black "Duran Vega, Sergio"]
[Result "0-1"]
[WhiteElo "1890"]
[BlackElo "2321"]
[PlyCount "141"]
[EventDate "2024.06.01"]
[EventType "swiss (rapid)"]
[EventRounds "9"]
[EventCountry "COL"]
[SourceTitle "CBM 220 Extra"]
[Source "ChessBase"]
[SourceDate "2024.07.31"]
[SourceVersion "1"]
[SourceVersionDate "2024.07.31"]
[SourceQuality "1"]

1. e4 c5 2. Nf3 Nc6 3. b4 Nxb4 4. c3 Nc6 5. d4 d5 6. exd5 Qxd5 7. Be3 cxd4 8. cxd4 e5 9. Nc3 Bb4 10. Bd2 Bxc3 11. Bxc3 exd4 12. Nxd4 Nxd4 13. Qxd4 Qxd4 14. Bxd4 Nf6 15. Bc5 Bd7 16. Rc1 Rc8 17. Bd3 b6 18. Ba3 Rxc1+ 19. Bxc1 0-0 20. 0-0 Be6 21. a3 Rc8 22. Bb2 Nd5 23. g3 Nc3 24. Rc1 Na4 25. Rxc8+ Bxc8 26. Bc1 Nc5 27. Bc2 g6 28. f4 f5 29. Kf2 Kf7 30. Ke3 Ke7 31. Kd4 Kd6 32. Bd2 Bb7 33. Bb4 a5 34. Be1 Ne6+ 35. Ke3 Kc5 36. Bd3 Bd5 37. h3 Bg2 38. h4 h5 39. Bc3 Bd5 40. Be2 Bc4 41. Bf3 Kb5 42. Bb2 Kc5 43. Bc3 Bd5 44. Be2 Bc6 45. Bd3 Bb5 46. Bc2 Kd5 47. Bb3+ Bc4 48. Bd1 Kc6 49. Bf3+ Kb5 50. Bb2 Kc5 51. Bc3 Bf1 52. Bb7 Bb5 53. Be5 Bd7 54. Kd3 b5 55. Kc3 b4+ 56. axb4+ axb4+ 57. Kb3 Nd4+ 58. Bxd4+ Kxd4 59. Kxb4 Ke3 60. Kc5 Kf2 61. Kd6 Bb5 62. Bd5 Kxg3 63. Bf7 Kxh4 64. Bxg6 Kg4 65. Ke5 Bd3 66. Be8 Be4 67. Ba4 h4 68. Bd1+ Kg3 69. Bh5 h3 70. Bg6 Kg4 71. Kd4 0-1

[Event "American Continental Rapid 18th"]
[Site "Medellin"]
[Date "2024.06.01"]
[Round "2"]
[White "Mena Cordoba, Yamil Octavio"]
[Black "Reinhard Moller, Gustavo"]
[Result "1-0"]
[WhiteElo "1890"]
[BlackElo "1628"]
[PlyCount "29"]
[EventDate "2024.06.01"]
[EventType "swiss (rapid)"]
[EventRounds "9"]
[EventCountry "COL"]
[SourceTitle "CBM 220 Extra"]
[Source "ChessBase"]
[SourceDate "2024.07.31"]
[SourceVersion "1"]
[SourceVersionDate "2024.07.31"]
[SourceQuality "1"]

1. e4 c6 2. d4 d5 3. Nc3 dxe4 4. Nxe4 Bf5 5. Ng3 Bg6 6. h4 h6 7. Nf3 Nd7 8. h5 Bh7 9. Bc4 e6 10. Bb3 Ngf6 11. Qe2 Bd6 12. Ne5 Qc7 13. Nxf7 Kxf7 14. Qxe6+ Kf8 15. Qf7# 1-0

[Event "American Continental Rapid 18th"]
[Site "Medellin"]
[Date "2024.06.01"]
[Round "6"]
[White "Sanchez, Sebastian Felipe"]
[Black "Mena Cordoba, Yamil Octavio"]
[Result "1-0"]
[WhiteElo "2400"]
[BlackElo "1890"]
[PlyCount "74"]
[EventDate "2024.06.01"]
[EventType "swiss (rapid)"]
[EventRounds "9"]
[EventCountry "COL"]
[SourceTitle "CBM 220 Extra"]
[Source "ChessBase"]
[SourceDate "2024.07.31"]
[SourceVersion "1"]
[SourceVersionDate "2024.07.31"]
[SourceQuality "1"]

1. d4 Nf6 2. Bg5 Ne4 3. h4 Nxg5 4. hxg5 e6 5. Nf3 c5 6. e3 b6 7. Nc3 a6 8. Qd3 g6 9. 0-0-0 Bg7 10. dxc5 bxc5 11. Qd6 Nc6 12. Ne4 Rb8 13. c3 Bf8 14. Nf6+ Qxf6 15. gxf6 Bxd6 16. Rxd6 h6 17. Bd3 Kd8 18. Be4 Kc7 19. Rxc6+ dxc6 20. Ne5 Rf8 21. Rxh6 Kd6 22. f4 a5 23. Rh7 c4 24. g4 Kc5 25. g5 a4 26. Nxf7 a3 27. bxa3 Rb7 28. Bxg6 e5 29. Nxe5 Rxh7 30. Bxh7 Kd5 31. e4+ Kc5 32. f7 Be6 33. g6 Ra8 34. g7 Bxf7 35. Nxf7 Kb5 36. g8Q Rxg8 37. Bxg8 Kc5 1-0